| 000 | 01017cam a2200325 4500 | ||
|---|---|---|---|
| 001 | 583049 | ||
| 003 | ARRUPE | ||
| 005 | 20150129171900.0 | ||
| 008 | 870723s1960 mau 001 0 eng | ||
| 010 | _a 60005737/L | ||
| 035 | _a(OCoLC)305997 | ||
| 035 | _a(OCoLC)ocm00305997 | ||
| 035 | _a(CStRLIN)NYCG87-B62780 | ||
| 035 | _a(NNC)583049 | ||
| 040 |
_cOYU _dPPT _dCStRLIN _dNIC _dNNC |
||
| 050 | 0 |
_aQC73 _b.S78 1960 |
|
| 082 | 0 | _a530.101 | |
| 090 |
_aQC73 _b.S78 1960 |
||
| 100 | 1 |
_aStallo, John Bernhard _q(John Bernhard), _d1823-1900. _913872 |
|
| 245 | 1 | 4 |
_aThe concepts and theories of modern physics. _cEdited by Percy W. Bridgman. |
| 260 |
_aCambridge, Mass., _bBelknap Press of Harvard University Press, _c1960. |
||
| 300 |
_a325 p. _c22 cm. |
||
| 490 | 1 | _aJohn Harvard library | |
| 650 | 0 |
_aPhysics _xPhilosophy. _913873 |
|
| 650 | 0 |
_aForce and energy. _913699 |
|
| 700 |
_aBridgman, P.W. (ed.) _914819 |
||
| 830 | 0 |
_aJohn Harvard library. _913874 |
|
| 942 |
_2lcc _cMONOGRAPH |
||
| 999 |
_c121641 _d121641 |
||